[Event "DVM U20 2023"]
[Site "Magdeburg GER"]
[Date "2023.12.27"]
[Round "1"]
[White "Frank, Marian"]
[Black "Scheifel, Maximilian"]
[Result "1-0"]
[Termination "normal"]
[Board "4.6"]
[WhiteElo "1503"]
[BlackElo "1760"]
[WhiteClock "00:03:25"]
[BlackClock "00:09:22"]
[WhiteTeam "ESV Gera"]
[BlackTeam "Karlsruher SF 1853"]
[PlyCount "165"]
[WhiteFideId "16245059"]
[BlackFideId "16279433"]
[EventCountry "GER"]
[EventRounds "7"]
[EventType "team-swiss"]
[EventDate "2023.12.26"]

1. d4 {[%clk 01:30:53]} {[%emt 00:00:07]} d5 {[%clk 01:30:32]} {[%emt
00:00:29]} 2. Nf3 {[%clk 01:31:16]} {[%emt 00:00:07]} Nf6 {[%clk 01:30:38]}
{[%emt 00:00:23]} 3. c4 {[%clk 01:31:36]} {[%emt 00:00:10]} e6 {[%clk
01:30:35]} {[%emt 00:00:33]} 4. Nc3 {[%clk 01:31:38]} {[%emt 00:00:28]} dxc4
{[%clk 01:30:42]} {[%emt 00:00:24]} 5. e3 {[%clk 01:30:33]} {[%emt 00:01:34]}
a6 {[%clk 01:30:28]} {[%emt 00:00:44]} 6. a4 {[%clk 01:28:36]} {[%emt
00:02:27]} c5 {[%clk 01:27:22]} {[%emt 00:03:36]} 7. Bxc4 {[%clk 01:22:52]}
{[%emt 00:06:13]} Nc6 {[%clk 01:22:08]} {[%emt 00:05:45]} 8. O-O {[%clk
01:17:55]} {[%emt 00:05:27]} Be7 {[%clk 01:20:33]} {[%emt 00:02:05]} 9. Re1
{[%clk 01:05:31]} {[%emt 00:12:53]} O-O {[%clk 01:18:26]} {[%emt 00:02:38]} 10.
b3 {[%clk 01:02:47]} {[%emt 00:03:14]} Qc7 {[%clk 01:12:59]} {[%emt 00:05:58]}
11. Qe2 {[%clk 00:58:46]} {[%emt 00:04:30]} Rd8 {[%clk 00:58:29]} {[%emt
00:14:59]} 12. Bb2 {[%clk 00:57:29]} {[%emt 00:01:47]} b6 {[%clk 00:49:19]}
{[%emt 00:09:42]} 13. Rac1 {[%clk 00:55:58]} {[%emt 00:02:00]} Bb7 {[%clk
00:48:57]} {[%emt 00:01:22]} 14. Red1 {[%clk 00:54:07]} {[%emt 00:02:50]} h6
{[%clk 00:44:23]} {[%emt 00:05:06]} 15. Rc2 {[%clk 00:43:59]} {[%emt 00:10:38]}
Nb4 {[%clk 00:39:25]} {[%emt 00:05:27]} 16. Rcd2 {[%clk 00:42:56]} {[%emt
00:01:33]} Ne4 {[%clk 00:36:44]} {[%emt 00:03:11]} 17. Nxe4 {[%clk 00:41:02]}
{[%emt 00:02:23]} Bxe4 {[%clk 00:37:11]} {[%emt 00:00:03]} 18. Bc3 {[%clk
00:31:27]} {[%emt 00:10:06]} Nd5 {[%clk 00:35:23]} {[%emt 00:02:17]} 19. Bb2
{[%clk 00:30:01]} {[%emt 00:01:57]} Qb7 {[%clk 00:31:02]} {[%emt 00:04:50]} 20.
Ne5 {[%clk 00:27:30]} {[%emt 00:03:01]} Nf6 {[%clk 00:27:46]} {[%emt 00:03:47]}
21. f3 {[%clk 00:24:11]} {[%emt 00:03:49]} Bd5 {[%clk 00:27:41]} {[%emt
00:00:33]} 22. Ba3 {[%clk 00:22:37]} {[%emt 00:02:06]} b5 {[%clk 00:21:59]}
{[%emt 00:06:12]} 23. Bxd5 {[%clk 00:21:28]} {[%emt 00:01:40]} Rxd5 {[%clk
00:21:37]} {[%emt 00:00:52]} 24. e4 {[%clk 00:16:05]} {[%emt 00:05:53]} Rxd4
{[%clk 00:21:24]} {[%emt 00:00:43]} 25. Rxd4 {[%clk 00:16:20]} {[%emt
00:00:14]} cxd4 {[%clk 00:21:53]} 26. Bxe7 {[%clk 00:16:22]} Qxe7 {[%clk
00:22:22]} 27. axb5 {[%clk 00:16:04]} {[%emt 00:00:48]} Qc5 {[%clk 00:21:54]}
{[%emt 00:00:57]} 28. Nd3 {[%clk 00:10:02]} {[%emt 00:06:33]} Qxb5 {[%clk
00:22:05]} {[%emt 00:00:19]} 29. Qb2 {[%clk 00:08:16]} {[%emt 00:02:14]} e5
{[%clk 00:20:48]} {[%emt 00:01:47]} 30. Qa3 {[%clk 00:08:13]} {[%emt 00:00:35]}
Rc8 {[%clk 00:18:56]} {[%emt 00:02:22]} 31. Qa4 {[%clk 00:06:25]} {[%emt
00:02:17]} Nd7 {[%clk 00:16:21]} {[%emt 00:03:06]} 32. Qxb5 {[%clk 00:04:14]}
{[%emt 00:02:41]} axb5 {[%clk 00:16:50]} {[%emt 00:00:01]} 33. Rc1 {[%clk
00:04:27]} {[%emt 00:00:17]} Rxc1+ {[%clk 00:11:57]} {[%emt 00:05:23]} 34. Nxc1
{[%clk 00:04:55]} {[%emt 00:00:01]} Nc5 {[%clk 00:12:08]} {[%emt 00:00:20]} 35.
Kf2 {[%clk 00:05:02]} {[%emt 00:00:23]} Kf8 {[%clk 00:12:24]} {[%emt 00:00:15]}
36. b4 {[%clk 00:04:55]} {[%emt 00:00:36]} Na4 {[%clk 00:12:11]} {[%emt
00:00:43]} 37. Nd3 {[%clk 00:05:04]} {[%emt 00:00:20]} f6 {[%clk 00:11:59]}
{[%emt 00:00:43]} 38. Kg3 {[%clk 00:04:00]} {[%emt 00:01:34]} Nc3 {[%clk
00:11:50]} {[%emt 00:00:38]} 39. Kg4 {[%clk 00:03:51]} {[%emt 00:00:39]} Kf7
{[%clk 00:11:08]} {[%emt 00:01:13]} 40. h4 {[%clk 00:00:43]} {[%emt 00:03:38]}
Ne2 {[%clk 00:07:45]} {[%emt 00:03:52]} 41. g3 {[%clk 00:25:35]} {[%emt
00:05:39]} g6 {[%clk 00:36:56]} {[%emt 00:01:19]} 42. f4 {[%clk 00:19:35]}
{[%emt 00:06:29]} Ke6 {[%clk 00:34:20]} {[%emt 00:03:06]} 43. Kf3 {[%clk
00:17:02]} {[%emt 00:03:04]} Nc3 {[%clk 00:34:30]} {[%emt 00:00:20]} 44. g4
{[%clk 00:16:08]} {[%emt 00:01:23]} Nb1 {[%clk 00:31:13]} {[%emt 00:03:46]} 45.
f5+ {[%clk 00:12:32]} {[%emt 00:04:07]} Kf7 {[%clk 00:30:25]} {[%emt 00:01:17]}
46. Ke2 {[%clk 00:10:09]} {[%emt 00:02:52]} Nc3+ {[%clk 00:27:56]} {[%emt
00:03:00]} 47. Kf3 {[%clk 00:10:36]} {[%emt 00:00:03]} Na2 {[%clk 00:28:09]}
{[%emt 00:00:18]} 48. h5 {[%clk 00:09:28]} {[%emt 00:01:38]} gxf5 {[%clk
00:26:56]} {[%emt 00:01:43]} 49. gxf5 {[%clk 00:09:20]} {[%emt 00:00:37]} Ke7
{[%clk 00:26:56]} {[%emt 00:00:31]} 50. Ke2 {[%clk 00:08:53]} {[%emt 00:00:57]}
Nc3+ {[%clk 00:25:11]} {[%emt 00:02:15]} 51. Kf3 {[%clk 00:09:18]} {[%emt
00:00:05]} Kd6 {[%clk 00:25:30]} {[%emt 00:00:11]} 52. Nf2 {[%clk 00:08:14]}
{[%emt 00:01:33]} Na2 {[%clk 00:24:55]} {[%emt 00:01:05]} 53. Nd3 {[%clk
00:08:17]} {[%emt 00:00:26]} Nxb4 {[%clk 00:24:09]} {[%emt 00:01:18]} 54. Nxb4
{[%clk 00:08:19]} {[%emt 00:00:27]} Kc5 {[%clk 00:24:31]} {[%emt 00:00:09]} 55.
Nd5 {[%clk 00:08:20]} {[%emt 00:00:30]} Kc4 {[%clk 00:24:04]} {[%emt 00:00:58]}
56. Nxf6 {[%clk 00:07:28]} {[%emt 00:01:21]} b4 {[%clk 00:23:50]} {[%emt
00:00:44]} 57. Nd7 {[%clk 00:07:37]} {[%emt 00:00:21]} b3 {[%clk 00:23:30]}
{[%emt 00:00:51]} 58. f6 {[%clk 00:08:03]} {[%emt 00:00:04]} b2 {[%clk
00:23:40]} {[%emt 00:00:20]} 59. f7 {[%clk 00:08:29]} {[%emt 00:00:04]} b1=Q
{[%clk 00:24:00]} {[%emt 00:00:10]} 60. f8=Q {[%clk 00:08:54]} {[%emt
00:00:06]} Qd3+ {[%clk 00:23:39]} {[%emt 00:00:49]} 61. Kf2 {[%clk 00:08:29]}
{[%emt 00:00:57]} Qe3+ {[%clk 00:23:14]} {[%emt 00:00:54]} 62. Kg2 {[%clk
00:07:44]} {[%emt 00:01:14]} Qxe4+ {[%clk 00:23:15]} {[%emt 00:00:29]} 63. Qf3
{[%clk 00:07:50]} {[%emt 00:00:25]} Qc2+ {[%clk 00:20:10]} {[%emt 00:03:35]}
64. Kg3 {[%clk 00:06:42]} {[%emt 00:01:39]} e4 {[%clk 00:18:27]} {[%emt
00:02:13]} 65. Qf7+ {[%clk 00:04:48]} {[%emt 00:02:23]} Kc3 {[%clk 00:18:16]}
{[%emt 00:00:42]} 66. Ne5 {[%clk 00:05:04]} {[%emt 00:00:14]} Kb2 {[%clk
00:16:32]} {[%emt 00:02:14]} 67. Qb7+ {[%clk 00:04:52]} {[%emt 00:00:41]} Kc1
{[%clk 00:16:40]} {[%emt 00:00:21]} 68. Kf4 {[%clk 00:05:02]} {[%emt 00:00:22]}
d3 {[%clk 00:12:48]} {[%emt 00:04:22]} 69. Qxe4 {[%clk 00:03:39]} {[%emt
00:01:53]} Qh2+ {[%clk 00:12:27]} {[%emt 00:00:50]} 70. Kg4 {[%clk 00:02:49]}
{[%emt 00:01:21]} Qg1+ {[%clk 00:12:01]} {[%emt 00:00:56]} 71. Kf5 {[%clk
00:02:48]} {[%emt 00:00:31]} Qg5+ {[%clk 00:12:14]} {[%emt 00:00:14]} 72. Ke6
{[%clk 00:03:08]} {[%emt 00:00:13]} Qg8+ {[%clk 00:12:30]} {[%emt 00:00:14]}
73. Kd6 {[%clk 00:03:13]} {[%emt 00:00:24]} Qb8+ {[%clk 00:12:29]} {[%emt
00:00:31]} 74. Kc5 {[%clk 00:03:06]} {[%emt 00:00:37]} Qa7+ {[%clk 00:12:30]}
{[%emt 00:00:30]} 75. Kc4 {[%clk 00:03:04]} {[%emt 00:00:31]} Qa6+ {[%clk
00:12:50]} {[%emt 00:00:10]} 76. Kd4 {[%clk 00:01:29]} {[%emt 00:02:05]} Qd6+
{[%clk 00:12:20]} {[%emt 00:01:00]} 77. Ke3 {[%clk 00:01:37]} {[%emt 00:00:21]}
d2 {[%clk 00:09:58]} {[%emt 00:02:52]} 78. Nd3+ {[%clk 00:01:43]} {[%emt
00:00:24]} Qxd3+ {[%clk 00:07:53]} {[%emt 00:02:36]} 79. Qxd3 {[%clk 00:02:02]}
{[%emt 00:00:11]} d1=Q {[%clk 00:08:14]} {[%emt 00:00:09]} 80. Qxd1+ {[%clk
00:02:19]} {[%emt 00:00:14]} Kxd1 {[%clk 00:08:43]} 81. Kf4 {[%clk 00:02:38]}
{[%emt 00:00:11]} Kd2 {[%clk 00:09:10]} {[%emt 00:00:02]} 82. Kf5 {[%clk
00:03:03]} {[%emt 00:00:06]} Ke3 {[%clk 00:09:22]} {[%emt 00:00:18]} 83. Kg6
{[%clk 00:03:25]} {[%emt 00:00:08]} *

[Event "DVM U20 2023"]
[Site "Magdeburg GER"]
[Date "2023.12.27"]
[Round "1"]
[White "Geltz, Noah"]
[Black "Bethke, Richard"]
[Result "1-0"]
[Termination "normal"]
[Board "5.1"]
[BlackTitle "FM"]
[WhiteElo "2166"]
[BlackElo "2354"]
[WhiteClock "00:13:32"]
[BlackClock "01:10:55"]
[WhiteTeam "SF HN-Biberach 1978"]
[BlackTeam "SF Neuberg"]
[PlyCount "113"]
[WhiteFideId "16224256"]
[BlackFideId "12959243"]
[EventCountry "GER"]
[EventRounds "7"]
[EventType "team-swiss"]
[EventDate "2023.12.26"]

1. d4 {[%clk 01:30:56]} {[%emt 00:00:02]} f5 {[%clk 01:30:56]} {[%emt
00:00:05]} 2. Bf4 {[%clk 01:31:17]} {[%emt 00:00:10]} Nf6 {[%clk 01:31:18]}
{[%emt 00:00:07]} 3. e3 {[%clk 01:31:28]} {[%emt 00:00:18]} b6 {[%clk
01:31:23]} {[%emt 00:00:27]} 4. Nf3 {[%clk 01:27:02]} {[%emt 00:04:56]} Bb7
{[%clk 01:31:47]} {[%emt 00:00:05]} 5. Be2 {[%clk 01:26:13]} {[%emt 00:01:20]}
e6 {[%clk 01:32:06]} {[%emt 00:00:11]} 6. O-O {[%clk 01:25:26]} {[%emt
00:01:18]} Be7 {[%clk 01:32:29]} {[%emt 00:00:05]} 7. h3 {[%clk 01:25:07]}
{[%emt 00:00:49]} O-O {[%clk 01:32:36]} {[%emt 00:00:23]} 8. c4 {[%clk
01:25:07]} {[%emt 00:00:31]} c5 {[%clk 01:32:31]} {[%emt 00:00:34]} 9. Nc3
{[%clk 01:09:30]} {[%emt 00:16:08]} d6 {[%clk 01:32:38]} {[%emt 00:00:23]} 10.
Ng5 {[%clk 00:58:33]} {[%emt 00:11:27]} Qd7 {[%clk 01:32:58]} {[%emt 00:00:10]}
11. d5 {[%clk 00:58:47]} {[%emt 00:00:16]} e5 {[%clk 01:33:24]} {[%emt
00:00:04]} 12. Ne6 {[%clk 00:59:05]} {[%emt 00:00:12]} exf4 {[%clk 01:32:47]}
{[%emt 00:01:07]} 13. Nxf8 {[%clk 00:59:13]} {[%emt 00:00:21]} Bxf8 {[%clk
01:33:11]} {[%emt 00:00:06]} 14. exf4 {[%clk 00:59:35]} {[%emt 00:00:08]} Na6
{[%clk 01:33:37]} {[%emt 00:00:04]} 15. Re1 {[%clk 00:53:06]} {[%emt 00:06:59]}
Nc7 {[%clk 01:34:00]} {[%emt 00:00:07]} 16. a4 {[%clk 00:49:13]} {[%emt
00:04:23]} a6 {[%clk 01:32:54]} {[%emt 00:01:37]} 17. Bd3 {[%clk 00:43:41]}
{[%emt 00:06:01]} Rb8 {[%clk 01:32:46]} {[%emt 00:00:39]} 18. Qf3 {[%clk
00:30:41]} {[%emt 00:13:30]} g6 {[%clk 01:32:15]} {[%emt 00:01:00]} 19. Re2
{[%clk 00:29:34]} {[%emt 00:01:36]} Qf7 {[%clk 01:30:42]} {[%emt 00:02:04]} 20.
g4 {[%clk 00:28:26]} {[%emt 00:01:38]} fxg4 {[%clk 01:25:58]} {[%emt 00:05:15]}
21. hxg4 {[%clk 00:28:52]} {[%emt 00:00:04]} Nd7 {[%clk 01:26:22]} {[%emt
00:00:05]} 22. Qg3 {[%clk 00:22:20]} {[%emt 00:07:03]} b5 {[%clk 01:26:17]}
{[%emt 00:00:34]} 23. axb5 {[%clk 00:22:25]} {[%emt 00:00:26]} axb5 {[%clk
01:26:43]} {[%emt 00:00:03]} 24. b3 {[%clk 00:21:07]} {[%emt 00:01:48]} Bg7
{[%clk 01:20:14]} {[%emt 00:06:59]} 25. Rc1 {[%clk 00:21:20]} {[%emt 00:00:16]}
Rf8 {[%clk 01:20:13]} {[%emt 00:00:32]} 26. Ne4 {[%clk 00:18:44]} {[%emt
00:03:07]} Qxf4 {[%clk 01:16:16]} {[%emt 00:04:25]} 27. Qxf4 {[%clk 00:19:09]}
{[%emt 00:00:05]} Rxf4 {[%clk 01:16:41]} {[%emt 00:00:05]} 28. Nxd6 {[%clk
00:19:34]} {[%emt 00:00:06]} Rxg4+ {[%clk 01:07:44]} {[%emt 00:09:27]} 29. Kf1
{[%clk 00:19:58]} {[%emt 00:00:06]} Rd4 {[%clk 01:06:17]} {[%emt 00:01:57]} 30.
Re7 {[%clk 00:10:53]} {[%emt 00:09:35]} Bxd5 {[%clk 00:53:15]} {[%emt
00:13:32]} 31. cxd5 {[%clk 00:05:57]} {[%emt 00:05:26]} Rxd3 {[%clk 00:52:59]}
{[%emt 00:00:46]} 32. Rxd7 {[%clk 00:05:32]} {[%emt 00:00:55]} Nxd5 {[%clk
00:53:24]} {[%emt 00:00:06]} 33. Rxc5 {[%clk 00:05:01]} {[%emt 00:01:00]} Nf4
{[%clk 00:53:04]} {[%emt 00:00:50]} 34. Rc8+ {[%clk 00:03:03]} {[%emt
00:02:29]} Bf8 {[%clk 00:53:30]} {[%emt 00:00:04]} 35. Ne4 {[%clk 00:03:18]}
{[%emt 00:00:15]} Rxd7 {[%clk 00:52:58]} {[%emt 00:01:02]} 36. Nf6+ {[%clk
00:03:44]} {[%emt 00:00:04]} Kf7 {[%clk 00:53:24]} {[%emt 00:00:05]} 37. Nxd7
{[%clk 00:04:10]} {[%emt 00:00:04]} Bd6 {[%clk 00:53:50]} {[%emt 00:00:03]} 38.
Rc6 {[%clk 00:03:10]} {[%emt 00:01:31]} Ke6 {[%clk 00:52:18]} {[%emt 00:02:02]}
39. Nf6 {[%clk 00:03:36]} {[%emt 00:00:04]} Ke5 {[%clk 00:51:44]} {[%emt
00:01:04]} 40. Nxh7 {[%clk 00:01:27]} {[%emt 00:02:40]} Be7 {[%clk 00:51:32]}
{[%emt 00:00:41]} 41. Rc7 {[%clk 00:27:03]} {[%emt 00:04:53]} Ke6 {[%clk
01:21:00]} {[%emt 00:01:02]} 42. Ke1 {[%clk 00:25:59]} {[%emt 00:01:35]} Nd3+
{[%clk 01:20:00]} {[%emt 00:01:30]} 43. Ke2 {[%clk 00:25:21]} {[%emt 00:01:07]}
Nc5 {[%clk 01:20:25]} {[%emt 00:00:05]} 44. Rc6+ {[%clk 00:20:47]} {[%emt
00:05:04]} Kd7 {[%clk 01:15:25]} {[%emt 00:05:30]} 45. Rxg6 {[%clk 00:21:04]}
{[%emt 00:00:14]} Nxb3 {[%clk 01:15:50]} {[%emt 00:00:03]} 46. Nf6+ {[%clk
00:20:27]} {[%emt 00:01:09]} Bxf6 {[%clk 01:13:47]} {[%emt 00:02:33]} 47. Rxf6
{[%clk 00:20:52]} {[%emt 00:00:05]} Nc5 {[%clk 01:13:19]} {[%emt 00:00:58]} 48.
Ke3 {[%clk 00:20:46]} {[%emt 00:00:36]} Ne6 {[%clk 01:12:46]} {[%emt 00:01:02]}
49. Ke4 {[%clk 00:19:52]} {[%emt 00:01:24]} Ke7 {[%clk 01:12:26]} {[%emt
00:00:50]} 50. Ke5 {[%clk 00:18:24]} {[%emt 00:01:57]} Nc5 {[%clk 01:12:51]}
{[%emt 00:00:06]} 51. Rf3 {[%clk 00:18:37]} {[%emt 00:00:16]} Na4 {[%clk
01:10:22]} {[%emt 00:03:01]} 52. Kd5 {[%clk 00:17:36]} {[%emt 00:01:31]} Kd7
{[%clk 01:10:32]} {[%emt 00:00:19]} 53. Rf7+ {[%clk 00:17:14]} {[%emt
00:00:52]} Kd8 {[%clk 01:10:31]} {[%emt 00:00:31]} 54. Kc6 {[%clk 00:13:13]}
{[%emt 00:04:30]} Nc3 {[%clk 01:10:43]} {[%emt 00:00:18]} 55. Rf3 {[%clk
00:13:22]} {[%emt 00:00:21]} b4 {[%clk 01:10:28]} {[%emt 00:00:46]} 56. Kc5
{[%clk 00:13:19]} {[%emt 00:00:32]} Na2 {[%clk 01:10:55]} {[%emt 00:00:03]} 57.
Kc4 {[%clk 00:13:32]} {[%emt 00:00:17]} 1-0

[Event "DVM U20 2023"]
[Site "Magdeburg GER"]
[Date "2023.12.27"]
[Round "1"]
[White "Baranyai-Molnar, Adam-Kristof"]
[Black "Triantafillidis, Simeon"]
[Result "1-0"]
[Termination "normal"]
[Board "5.2"]
[WhiteElo "1965"]
[BlackElo "2026"]
[WhiteClock "01:01:23"]
[BlackClock "01:30:30"]
[WhiteTeam "SF Neuberg"]
[BlackTeam "SF HN-Biberach 1978"]
[PlyCount "93"]
[WhiteFideId "768022"]
[BlackFideId "12953113"]
[EventCountry "GER"]
[EventRounds "7"]
[EventType "team-swiss"]
[EventDate "2023.12.26"]

1. e4 {[%clk 01:01:23]} e5 {[%clk 01:30:30]} 2. f4 {[%clk 01:01:23]} d5 {[%clk
01:30:30]} 3. exd5 {[%clk 01:01:23]} exf4 {[%clk 01:30:30]} 4. Nf3 {[%clk
01:01:23]} Nf6 {[%clk 01:30:30]} 5. c4 {[%clk 01:01:23]} c6 {[%clk 01:30:30]}
6. d4 {[%clk 01:01:23]} cxd5 {[%clk 01:30:30]} 7. c5 {[%clk 01:01:23]} Nc6
{[%clk 01:30:30]} 8. Bxf4 {[%clk 01:01:23]} Bg4 {[%clk 01:30:30]} 9. Bb5 {[%clk
01:01:23]} Be7 {[%clk 01:30:30]} 10. O-O {[%clk 01:01:23]} O-O {[%clk
01:30:30]} 11. Qd3 {[%clk 01:01:23]} Bxf3 {[%clk 01:30:30]} 12. Rxf3 {[%clk
01:01:23]} Ne4 {[%clk 01:30:30]} 13. Be3 {[%clk 01:01:23]} Bg5 {[%clk
01:30:30]} 14. Nc3 {[%clk 01:01:23]} Bxe3+ {[%clk 01:30:30]} 15. Rxe3 {[%clk
01:01:23]} Nxc3 {[%clk 01:30:30]} 16. bxc3 {[%clk 01:01:23]} Qd7 {[%clk
01:30:30]} 17. Rh3 {[%clk 01:01:23]} g6 {[%clk 01:30:30]} 18. Rf1 {[%clk
01:01:23]} Rae8 {[%clk 01:30:30]} 19. Qg3 {[%clk 01:01:23]} Re7 {[%clk
01:30:30]} 20. Rf6 {[%clk 01:01:23]} Rfe8 {[%clk 01:30:30]} 21. Qh4 {[%clk
01:01:23]} Re1+ {[%clk 01:30:30]} 22. Bf1 {[%clk 01:01:23]} h5 {[%clk
01:30:30]} 23. Rg3 {[%clk 01:01:23]} Qe7 {[%clk 01:30:30]} 24. Qg5 {[%clk
01:01:23]} Re6 {[%clk 01:30:30]} 25. Rxe6 {[%clk 01:01:23]} Qxe6 {[%clk
01:30:30]} 26. Qxh5 {[%clk 01:01:23]} Ne7 {[%clk 01:30:30]} 27. Qg5 {[%clk
01:01:23]} Nf5 {[%clk 01:30:30]} 28. Rf3 {[%clk 01:01:23]} Ne3 {[%clk
01:30:30]} 29. Bb5 {[%clk 01:01:23]} Re7 {[%clk 01:30:30]} 30. h3 {[%clk
01:01:23]} Qe4 {[%clk 01:30:30]} 31. Bd3 {[%clk 01:01:23]} Qxd3 {[%clk
01:30:30]} 32. Qxe7 {[%clk 01:01:23]} Qd1+ {[%clk 01:30:30]} 33. Kh2 {[%clk
01:01:23]} Nf1+ {[%clk 01:30:30]} 34. Rxf1 {[%clk 01:01:23]} Qxf1 {[%clk
01:30:30]} 35. Qe5 {[%clk 01:01:23]} Qc4 {[%clk 01:30:30]} 36. Qb8+ {[%clk
01:01:23]} Kg7 {[%clk 01:30:30]} 37. Qxb7 {[%clk 01:01:23]} Qxa2 {[%clk
01:30:30]} 38. c6 {[%clk 01:01:23]} Qd2 {[%clk 01:30:30]} 39. Qb8 {[%clk
01:01:23]} a5 {[%clk 01:30:30]} 40. Qe5+ {[%clk 01:01:23]} Kh7 {[%clk
01:30:30]} 41. c7 {[%clk 01:01:23]} Qxc3 {[%clk 01:30:30]} 42. Qe7 {[%clk
01:01:23]} Kg7 {[%clk 01:30:30]} 43. Qc5 {[%clk 01:01:23]} Qe3 {[%clk
01:30:30]} 44. c8=Q {[%clk 01:01:23]} Qf4+ {[%clk 01:30:30]} 45. Kg1 {[%clk
01:01:23]} Qe3+ {[%clk 01:30:30]} 46. Kf1 {[%clk 01:01:23]} Qd3+ {[%clk
01:30:30]} 47. Ke1 {[%clk 01:01:23]} 1-0

[Event "DVM U20 2023"]
[Site "Magdeburg GER"]
[Date "2023.12.27"]
[Round "1"]
[White "Späth, René"]
[Black "Eull, Emil"]
[Result "0-1"]
[Termination "normal"]
[Board "5.3"]
[WhiteElo "1588"]
[BlackElo "2077"]
[WhiteTeam "SF HN-Biberach 1978"]
[BlackTeam "SF Neuberg"]
[PlyCount "78"]
[WhiteFideId "16224272"]
[BlackFideId "16253809"]
[EventCountry "GER"]
[EventRounds "7"]
[EventType "team-swiss"]
[EventDate "2023.12.26"]

1. e4 {[%emt 00:53:46]} c6 {[%emt 00:00:09]} 2. d4 {[%emt 00:00:04]} d5 {[%emt
00:00:07]} 3. e5 {[%emt 00:00:07]} Bf5 {[%emt 00:00:05]} 4. Ne2 {[%emt
00:00:06]} e6 {[%emt 00:00:06]} 5. Ng3 {[%emt 00:00:05]} Bg6 {[%emt 00:00:05]}
6. h4 {[%emt 00:00:18]} h5 {[%emt 00:00:19]} 7. c3 {[%emt 00:01:50]} c5 {[%emt
00:03:18]} 8. Bd3 {[%emt 00:02:37]} Bxd3 {[%emt 00:00:33]} 9. Qxd3 {[%emt
00:00:05]} Nc6 {[%emt 00:01:05]} 10. Nd2 {[%emt 00:02:37]} cxd4 {[%emt
00:16:12]} 11. cxd4 {[%emt 00:01:02]} Nb4 {[%emt 00:16:59]} 12. Qb5+ {[%emt
00:15:01]} Qd7 {[%emt 00:00:09]} 13. Qxd7+ {[%emt 00:00:21]} Kxd7 {[%emt
00:00:02]} 14. Kd1 {[%emt 00:01:29]} Nh6 {[%emt 00:06:32]} 15. Nf3 {[%emt
00:06:58]} Ng4 {[%emt 00:01:00]} 16. Ke2 {[%emt 00:01:02]} Rc8 {[%emt
00:09:28]} 17. a3 {[%emt 00:05:22]} Nc6 {[%emt 00:16:03]} 18. Bd2 {[%emt
00:06:13]} f6 {[%emt 00:00:39]} 19. exf6 {[%emt 00:05:24]} gxf6 {[%emt
00:00:20]} 20. b4 {[%emt 00:01:17]} Bd6 {[%emt 00:02:04]} 21. Nf1 {[%emt
00:09:04]} e5 {[%emt 00:04:18]} 22. b5 {[%emt 00:01:27]} Nxd4+ {[%emt
00:01:57]} 23. Nxd4 {[%emt 00:00:12]} exd4 {[%emt 00:00:01]} 24. Be1 {[%emt
00:03:45]} Rhe8+ {[%emt 00:07:24]} 25. Kd3 {[%emt 00:06:57]} Rxe1 {[%emt
00:07:46]} 26. Rxe1 {[%emt 00:00:16]} Nxf2+ {[%emt 00:00:01]} 27. Kxd4 {[%emt
00:00:23]} Nxh1 {[%emt 00:00:25]} 28. Ne3 {[%emt 00:00:19]} Be5+ {[%emt
00:00:57]} 29. Kxd5 {[%emt 00:05:11]} Ng3 {[%emt 00:00:03]} 30. Nc4 {[%emt
00:00:47]} b6 {[%emt 00:00:56]} 31. Nxe5+ {[%emt 00:02:23]} fxe5 {[%emt
00:00:04]} 32. Rxe5 {[%emt 00:00:53]} Rc5+ {[%emt 00:00:08]} 33. Kd4 {[%emt
00:00:10]} Nf5+ {[%emt 00:00:29]} 34. Ke4 {[%emt 00:00:11]} Rxe5+ {[%emt
00:02:14]} 35. Kxe5 {[%emt 00:00:13]} Nxh4 {[%emt 00:00:06]} 36. g3 {[%emt
00:00:29]} Ng6+ {[%emt 00:00:02]} 37. Kf5 {[%emt 00:00:07]} h4 {[%emt
00:00:15]} 38. gxh4 {[%emt 00:00:42]} Nxh4+ {[%emt 00:00:02]} 39. Ke4 {[%emt
00:00:09]} Kd6 {[%emt 00:00:12]} 0-1